000 00640nam a2200241 a 4500
001 0001-1049
003 ELIB.Books
008 141126 2010 eng
020 _a0385496494
035 _a(ELIB.Books)0001-1204
092 _aFic
_bAlbom, Mitch
100 _aAlbom, Mitch
245 _aTuesdays with Morrie
_bAn Old man, a young man and life's greatest lesson
260 _aNew York
_bDoubleday
_c1997
300 _a192
_c17.5 Cm
500 _aTaylor, Saw.
650 _aFiction
856 _nKBTS; Library
_uKBTS; Elib.
942 _2ddc
_cBK
990 _a1
998 _cbat
_e2014-11-26
999 _c11049
_d11049